La Bohème / (Record no. 195982)

MARC details
000 -LEADER
campo de control de longitud fija 03282njm a2200625 i 4500
001 - NÚMERO DE CONTROL
campo de control 195982
003 - IDENTIFICADOR DE NÚMERO DE CONTROL
campo de control ES-MaACL
005 - FECHA Y HORA DE LA ÚLTIMA TRANSACCIÓN
campo de control 20250904042248.0
007 - CAMPO FIJO DE DESCRIPCIÓN FÍSICA--INFORMACIÓN GENERAL
campo de control de longitud fija sd*fsngnnmmned
008 - DATOS DE LONGITUD FIJA--INFORMACIÓN GENERAL
campo de control de longitud fija 240209s2006 sp opn d / ita
015 ## - NÚMERO DE BIBLIOGRAFÍA NACIONAL
Número de bibliografía nacional SON06
017 ## - NÚMERO DE COPYRIGHT O DE DEPÓSITO LEGAL
Número de copyright o de depósito legal M 48035-2006
Agencia que asigna Oficina Depósito Legal Madrid
020 ## - NÚMERO INTERNACIONAL ESTÁNDAR DEL LIBRO
Número Internacional Estándar del Libro 9788493542856
035 ## - NÚMERO DE CONTROL DEL SISTEMA
Número de control de sistema (OCoLC)431145783
035 ## - NÚMERO DE CONTROL DEL SISTEMA
Número de control de sistema (SpMaBN)a4554238
040 ## - FUENTE DE CATALOGACIÓN
Centro catalogador/agencia de origen SpMaBN
Lengua de catalogación spa
Centro/agencia transcriptor SpMaBN
Normas de descripción rdc
100 1# - ENTRADA PRINCIPAL--NOMBRE DE PERSONA
Nombre de persona Puccini, Giacomo,
Fechas asociadas al nombre 1858-1924
9 (RLIN) 240509
Término indicativo de función/relación Compositor
240 13 - TÍTULO UNIFORME
Título uniforme La bohème
245 13 - MENCIÓN DEL TÍTULO
Título La Bohème /
Mención de responsabilidad, etc. Puccini ; libreto de Luigi Illica y Giuseppe Giacosa
Medio [Grabación sonora]
260 ## - PUBLICACIÓN, DISTRIBUCIÓN, ETC.
Lugar de publicación, distribución, etc. Madrid :
Nombre del editor, distribuidor, etc. Prisa Innova,
Fecha de publicación, distribución, etc. D.L. 2006
264 ## - PRODUCCIÓN, PUBLICACIÓN, DISTRIBUCIÓN, FABRICACIÓN Y COPYRIGHT
Producción, publicación, distribución, fabricación y copyright ©2007
300 ## - DESCRIPCIÓN FÍSICA
Extensión 2 discos (CD Audio) +
Material acompañante/anejo 1 libro (109 páginas)
336 ## - TIPO DE CONTENIDO
Fuente rdacontent
Término de tipo de contenido música (interpretada)
337 ## - TIPO DE MEDIO
Fuente rdamedia
Nombre/término del tipo de medio audio
338 ## - TIPO DE SOPORTE
Fuente rdacarrier
Nombre/término del tipo de soporte volumen
490 1# - MENCIÓN DE SERIE
Mención de serie Los clásicos de la ópera, 400 años ;
Designación de volumen o secuencia 4
500 ## - NOTA GENERAL
Nota general Remasterizado
511 1# - NOTA DE PARTICIPANTES O INTÉRPRETES
Nota de participantes o intérpretes Victoria de los Ángeles, Jussi Björling, Robert Merrill, Lucine Amara, John Reardon, Giorgio Tozzi, Fernando Corena, William Nahr, George del Monte, Thomas Powell ; Coro y Orquesta de la RCA Victor ; Thomas Beecham, director musical.
518 ## - NOTA DE FECHA/HORA Y LUGAR DE UN ACONTECIMIENTO
Nota de fecha/hora y lugar de un acontecimiento Grabado en el Manhattan Center de Nueva York el 16 de marzo y el 6 de abril de 1956
520 ## - RESUMEN, ETC.
Sumario, etc. Un París solo leído pero, hasta entonces, nunca visitado por su autor y una discusión de café con polémica posterior: el origen de La Bohème, la ópera que se convertiría desde poco después de su estreno en el Teatro Regio turinés, el 1 de febrero de 1896, bajo la dirección de Arturo Toscanini, en una de las favoritas del público, en una de esas contadas composiciones líricas que, como Carmen o La Traviata, entusiasma incluso a los espectadores más impermeables a las inagotables bellezas del género, es también partícipe de esa agitada atmósfera de folletín a la que debe su gestación literaria.
650 #7 - PUNTO DE ACCESO ADICIONAL DE MATERIA--TÉRMINO DE MATERIA
Término de materia o nombre geográfico como elemento de entrada Óperas-
9 (RLIN) 137584
Subdivisión de forma Libretos
655 #7 - TERMINO DE INDIZACIÓN--GENERO/FORMA
Datos o término principal de género/forma Libretos
Fuente del término
9 (RLIN) 242219
700 1# - ENTRADA AGREGADA--NOMBRE PERSONAL
Nombre de persona Illica, Luigi
9 (RLIN) 65194
Término indicativo de función/relación Libretista
700 1# - ENTRADA AGREGADA--NOMBRE PERSONAL
Nombre de persona Giacosa, Giuseppe,
Fechas asociadas al nombre 1847-1906
Término indicativo de función/relación Libretista
9 (RLIN) 237867
700 1# - ENTRADA AGREGADA--NOMBRE PERSONAL
Nombre de persona Victoria de los Ángeles,
Fechas asociadas al nombre 1923-2005
9 (RLIN) 237868
Término indicativo de función/relación Intérprete
700 1# - ENTRADA AGREGADA--NOMBRE PERSONAL
Nombre de persona Björling, Jussi,
Fechas asociadas al nombre 1911-1960
9 (RLIN) 237869
Término indicativo de función/relación Intérprete
700 1# - ENTRADA AGREGADA--NOMBRE PERSONAL
Nombre de persona Merrill, Robert,
Fechas asociadas al nombre 1917-2004
9 (RLIN) 237870
Término indicativo de función/relación Intérprete
700 1# - ENTRADA AGREGADA--NOMBRE PERSONAL
Nombre de persona Amara, Lucine
9 (RLIN) 237871
Término indicativo de función/relación Intérprete
700 1# - ENTRADA AGREGADA--NOMBRE PERSONAL
Nombre de persona Reardon, John,
Fechas asociadas al nombre 1930-1988
9 (RLIN) 237872
Término indicativo de función/relación Intérprete
700 1# - ENTRADA AGREGADA--NOMBRE PERSONAL
Nombre de persona Tozzi, Giorgio,
Fechas asociadas al nombre 1923-2011
9 (RLIN) 237873
Término indicativo de función/relación Intérprete
700 1# - ENTRADA AGREGADA--NOMBRE PERSONAL
Nombre de persona Corena, Fernando,
Fechas asociadas al nombre 1916-1984
9 (RLIN) 237874
Término indicativo de función/relación Intérprete
700 1# - ENTRADA AGREGADA--NOMBRE PERSONAL
Nombre de persona Nahr, William
9 (RLIN) 237875
Término indicativo de función/relación Intérprete
700 1# - ENTRADA AGREGADA--NOMBRE PERSONAL
Nombre de persona Monte, George del
Término indicativo de función/relación Intérprete
9 (RLIN) 240511
700 1# - ENTRADA AGREGADA--NOMBRE PERSONAL
Nombre de persona Powell, Thomas
Término indicativo de función/relación Intérprete
9 (RLIN) 240512
700 1# - ENTRADA AGREGADA--NOMBRE PERSONAL
Nombre de persona Beecham, Thomas,
Fechas asociadas al nombre 1879-1961
9 (RLIN) 237876
Término indicativo de función/relación Director musical
710 2# - ENTRADA AGREGADA--NOMBRE DE ENTIDAD CORPORATIVA
Nombre de entidad corporativa o nombre de jurisdicción como elemento de entrada RCA Victor Symphony Orchestra
9 (RLIN) 237877
710 2# - ENTRADA AGREGADA--NOMBRE DE ENTIDAD CORPORATIVA
Nombre de entidad corporativa o nombre de jurisdicción como elemento de entrada RCA Victor Chorus
9 (RLIN) 237878
852 ## - LOCALIZACIÓN
Ubicación ES-MaACL
Sublocalización o colección R.155015
Ubicación en estantería Depósito J
Número de control de estantería N-9799
Donativo/Legado Donación: Miren Fernández
Encuadernación Encuadernación cartoné
Designación de la unidad física Volumen 4
itemnumber 205575
903 ## - NOMBRE PERSONAL DE DONANTE
a Fernández, Miren
e Donante
942 ## - ELEMENTOS DE ENTRADA SECUNDARIOS (KOHA)
Tipo de ítem Koha Libro impreso
Suprimir en OPAC No
Holdings
Estatus retirado Estado de pérdida Fuente del sistema de clasificación o colocación Estado de daño No para préstamo Biblioteca de origen Biblioteca actual Ubicación en estantería Fecha de adquisición Fuente de adquisición Total de préstamos Signatura topográfica completa Código de barras Visto por última vez Precio de reemplazo Tipo de ítem Koha
    Clasificación decimal universal     Biblioteca del Ateneo de Madrid Biblioteca del Ateneo de Madrid Depósito J 16/05/2025 Donación   N-9799 101230104 16/05/2025 16/05/2025 Libro impreso